[Event "Groningen op"]
[Site "Groningen"]
[Date "1993.??.??"]
[Round "8"]
[White "Svidler, Peter"]
[Black "Avni, Amatzia"]
[Result "1-0"]
[WhiteElo "2495"]
[BlackElo "2400"]
[PlyCount "57"]
[EventDate "1993.12.??"]
[EventType "swiss"]
[EventRounds "11"]
[EventCountry "NED"]
[SourceTitle "CBM 038 Extra"]
[Source "ChessBase"]
[SourceDate "1994.03.01"]
[SourceVersion "1"]
[SourceVersionDate "1994.03.01"]
[SourceQuality "1"]

1. e4 e6 2. d4 d5 3. Nd2 Nf6 4. e5 Ne4 5. Nxe4 dxe4 6. Be3 c5 7. dxc5 Nd7 8.
Qg4 Qa5+ 9. c3 Nxc5 10. Bc4 Na4 11. b4 Qc7 12. Bb5+ Bd7 13. Bxd7+ Qxd7 14. Ne2
Qd5 15. Bd4 g6 16. O-O Bg7 17. Rfd1 Nb2 18. c4 Nxc4 19. Nc3 Qc6 20. Nxe4 O-O
21. Nf6+ Bxf6 22. exf6 Rfe8 23. Bc5 Kh8 24. Qxc4 b6 25. Rd6 Qc8 26. Rad1 bxc5
27. bxc5 Rb8 28. c6 Rb6 29. c7 1-0

[Event "Groningen op"]
[Site "Groningen"]
[Date "1993.??.??"]
[Round "9"]
[White "Savchenko, Stanislav"]
[Black "Svidler, Peter"]
[Result "1-0"]
[WhiteElo "2530"]
[BlackElo "2495"]
[PlyCount "55"]
[EventDate "1993.12.??"]
[EventType "swiss"]
[EventRounds "11"]
[EventCountry "NED"]
[SourceTitle "CBM 038 Extra"]
[Source "ChessBase"]
[SourceDate "1994.03.01"]
[SourceVersion "1"]
[SourceVersionDate "1994.03.01"]
[SourceQuality "1"]

1. d4 Nf6 2. Nf3 g6 3. c4 Bg7 4. Nc3 d5 5. cxd5 Nxd5 6. e4 Nxc3 7. bxc3 c5 8.
Rb1 O-O 9. Be2 Nc6 10. d5 Bxc3+ 11. Bd2 Bxd2+ 12. Qxd2 Na5 13. h4 f6 14. h5 g5
15. Nxg5 fxg5 16. Qxg5+ Kh8 17. h6 Rf7 18. Bh5 Qg8 19. Qxg8+ Kxg8 20. Bxf7+
Kxf7 21. Rc1 b6 22. Rc3 e6 23. Rf3+ Ke7 24. Rh5 exd5 25. Re5+ Kd6 26. Re8 Nc6
27. Rf6+ Kd7 28. Rh8 1-0

[Event "St Petersburg"]
[Site "St Petersburg"]
[Date "1994.??.??"]
[Round "?"]
[White "Peregudov, Nickolai"]
[Black "Svidler, Peter"]
[Result "0-1"]
[WhiteElo "2470"]
[BlackElo "2505"]
[PlyCount "72"]
[EventDate "1994.??.??"]
[EventType "tourn"]
[EventRounds "14"]
[EventCountry "RUS"]
[EventCategory "9"]
[SourceTitle "EXT 1998"]
[Source "ChessBase"]
[SourceDate "1997.11.17"]
[SourceVersion "1"]
[SourceVersionDate "1997.11.17"]
[SourceQuality "1"]

1. d4 Nf6 2. c4 g6 3. Nc3 d5 4. Nf3 Bg7 5. Bg5 Ne4 6. Bh4 Nxc3 7. bxc3 dxc4 8.
Qa4+ Qd7 9. Qxc4 b6 10. Bg3 Nc6 11. e3 Bb7 12. Be2 O-O 13. O-O Na5 14. Qb4 Rac8
15. Rfd1 Qe6 16. Bf1 c5 17. Qa3 cxd4 18. cxd4 Bd5 19. Ne1 Bc4 20. Nd3 Rfd8 21.
h3 Bf6 22. Rdc1 Qd7 23. Rc3 Be6 24. Nf4 Rxc3 25. Qxc3 Rc8 26. Qb4 Bc4 27. Nd3
Bd5 28. Nf4 Bc4 29. Nd3 Qe6 30. a4 Qe4 31. Ra3 Be6 32. Kh2 Qc6 33. Ne5 Qc1 34.
Ba6 Rc2 35. Nd3 Nc6 36. Nxc1 Nxb4 0-1

[Event "St Petersburg"]
[Site "St Petersburg"]
[Date "1994.??.??"]
[Round "?"]
[White "Svidler, Peter"]
[Black "Kochyev, Alexander"]
[Result "1-0"]
[WhiteElo "2505"]
[BlackElo "2475"]
[Annotator "Svidler,P"]
[PlyCount "71"]
[EventDate "1994.??.??"]
[EventType "tourn"]
[EventRounds "14"]
[EventCountry "RUS"]
[EventCategory "9"]
[SourceTitle "CBM 042"]
[Source "ChessBase"]
[SourceDate "1994.10.01"]
[SourceVersion "1"]
[SourceVersionDate "1994.10.01"]
[SourceQuality "1"]

1. e4 c5 2. Nf3 e6 3. Nc3 a6 4. d4 cxd4 5. Nxd4 Qc7 6. Be2 Nf6 7. f4 d6 8. Be3
Be7 9. Qd2 b5 10. a3 Bb7 11. Bf3 Nc6 (11... Nbd7 12. g4 Nc5 13. Qg2 Nfd7 14.
O-O Nb6 15. Rae1 Nc4 16. Bc1 $13) 12. f5 $1 Nxd4 13. Bxd4 O-O 14. O-O-O e5 (
14... Qc4 $5 15. Rhe1 $13 (15. Bxf6 $2 Bxf6 $1 16. e5 Bxe5 $1 (16... Bxf3 17.
exf6 $1 Bxd1 18. Qg5 g6 19. Qh6 $18) 17. Bxb7 Bf4 $19)) 15. Be3 Qc4 16. Bg5
Rfd8 (16... Rac8 17. Bxf6 gxf6 $13 (17... Bxf6 18. Qxd6 Rfd8 19. Qb6 $16)) 17.
Bxf6 (17. g4 Nxe4 $1 18. Bxe4 (18. Nxe4 Bxe4 19. Bxe7 Bxf3 $17) 18... Bxg5 19.
Qxg5 Bxe4 20. Nxe4 Qxe4 21. Rhe1 $15) 17... Bxf6 18. g4 Be7 19. g5 f6 (19...
Qd4 20. h4 Qxd2+ 21. Rxd2 $14) 20. g6 h6 21. Be2 Qc5 22. Nd5 (22. b4 $5 $16)
22... Kf8 $2 (22... Bxd5 23. Qxd5+ Qxd5 24. Rxd5 $16) (22... Bf8 $16) 23. b4 $1
Qc6 24. Qe3 $16 {/\ Qb3 ><f7} Rdc8 $22 25. Qb3 Qe8 26. Nb6 $18 d5 (26... Bxe4
$2 27. Nd7+ Qxd7 28. Qf7#) (26... Rc7 27. Nxa8 Bxa8 28. Bd3 $18 {/\ Kb1,Rc1,c4}
) 27. Nxd5 Rc6 28. Rd2 Rac8 29. Rhd1 Bd8 30. Kb1 Rc4 $8 31. Bxc4 bxc4 32. Qe3
a5 33. Nb6 c3 34. Rd7 Rb8 35. Qc5+ Be7 36. Rxe7 (36. Rxe7 Qxe7 37. Nd7+ Ke8 38.
Qxe7+ Kxe7 39. Nxb8 $18) 1-0

[Event "St Petersburg"]
[Site "St Petersburg"]
[Date "1994.??.??"]
[Round "?"]
[White "Svidler, Peter"]
[Black "Savon, Vladimir A"]
[Result "1/2-1/2"]
[WhiteElo "2505"]
[BlackElo "2435"]
[PlyCount "30"]
[EventDate "1994.??.??"]
[EventType "tourn"]
[EventRounds "14"]
[EventCountry "RUS"]
[EventCategory "9"]
[SourceTitle "EXT 1998"]
[Source "ChessBase"]
[SourceDate "1997.11.17"]
[SourceVersion "1"]
[SourceVersionDate "1997.11.17"]
[SourceQuality "1"]

1. e4 c5 2. Nf3 d6 3. d4 cxd4 4. Nxd4 Nf6 5. Nc3 a6 6. f4 e5 7. Nf3 Nbd7 8. a4
Be7 9. Bd3 O-O 10. O-O exf4 11. Kh1 Nh5 12. Nd5 Nc5 13. Nd4 Nf6 14. Bxf4 Nxd5
15. exd5 Bf6 1/2-1/2

[Event "St Petersburg"]
[Site "St Petersburg"]
[Date "1994.??.??"]
[Round "?"]
[White "Svidler, Peter"]
[Black "Yemelin, Vasily"]
[Result "1-0"]
[WhiteElo "2505"]
[BlackElo "2475"]
[PlyCount "61"]
[EventDate "1994.??.??"]
[EventType "tourn"]
[EventRounds "14"]
[EventCountry "RUS"]
[EventCategory "9"]
[SourceTitle "EXT 1998"]
[Source "ChessBase"]
[SourceDate "1997.11.17"]
[SourceVersion "1"]
[SourceVersionDate "1997.11.17"]
[SourceQuality "1"]

1. e4 e5 2. Nf3 Nc6 3. d4 exd4 4. Nxd4 Bc5 5. Be3 Qf6 6. c3 Nge7 7. Bc4 O-O 8.
O-O Bb6 9. Nc2 d6 10. f4 Be6 11. Bd3 Kh8 12. Nd2 Ng8 13. Qf3 Rae8 14. a3 Bc8
15. Rae1 Bxe3+ 16. Nxe3 Qd8 17. Kh1 Nb8 18. Qg3 Nh6 19. Bc2 b6 20. Nf3 Ba6 21.
c4 Nd7 22. Nd4 Nc5 23. b4 Ne6 24. Nf3 Qd7 25. f5 Nd8 26. f6 g6 27. Ng5 Re5 28.
Nf5 gxf5 29. Qh3 f4 30. Qxh6 Rxg5 31. e5 1-0

[Event "Wch U18"]
[Site "Szeged"]
[Date "1994.??.??"]
[Round "2"]
[White "Svidler, Peter"]
[Black "Del Rio de Angelis, Salvador Gabriel"]
[Result "1-0"]
[WhiteElo "2505"]
[BlackElo "2335"]
[PlyCount "63"]
[EventDate "1994.??.??"]
[EventType "swiss"]
[EventRounds "9"]
[EventCountry "HUN"]
[SourceTitle "TD"]
[Source "ChessBase"]
[SourceDate "1994.03.01"]
[SourceVersion "1"]
[SourceVersionDate "1994.03.01"]
[SourceQuality "1"]

1. e4 e6 2. d4 d5 3. Nd2 c5 4. exd5 exd5 5. Ngf3 Nf6 6. Bb5+ Bd7 7. Bxd7+ Nbxd7
8. O-O Be7 9. dxc5 Nxc5 10. Re1 O-O 11. Nf1 Re8 12. Be3 Qd7 13. c3 Rac8 14. Bd4
Nfe4 15. Ne3 Bf6 16. Qc2 Ne6 17. Bxa7 Nxc3 18. bxc3 Bxc3 19. Qb3 Bxa1 20. Rxa1
Nf4 21. Qb2 Re6 22. Bd4 Nd3 23. Qb3 Rc1+ 24. Rxc1 Nxc1 25. Qb2 Nd3 26. Qd2 Qb5
27. h3 Nf4 28. Kh2 f6 29. Qc2 Qc6 30. Qb3 Rd6 31. Qb4 Ne6 32. Nf5 1-0

[Event "Wch U18"]
[Site "Szeged"]
[Date "1994.??.??"]
[Round "4"]
[White "Svidler, Peter"]
[Black "Ruck, Robert"]
[Result "1/2-1/2"]
[WhiteElo "2505"]
[BlackElo "2420"]
[PlyCount "96"]
[EventDate "1994.??.??"]
[EventType "swiss"]
[EventRounds "9"]
[EventCountry "HUN"]
[SourceTitle "TD"]
[Source "ChessBase"]
[SourceDate "1994.03.01"]
[SourceVersion "1"]
[SourceVersionDate "1994.03.01"]
[SourceQuality "1"]

1. e4 c5 2. Nc3 d6 3. Nf3 Nf6 4. d4 cxd4 5. Nxd4 a6 6. f4 Nbd7 7. a4 Nc5 8. Qf3
e5 9. fxe5 dxe5 10. Nf5 Bxf5 11. Qxf5 Be7 12. Be3 O-O 13. a5 Qc8 14. Qxc8 Raxc8
15. Bd3 Rfd8 16. Ke2 Ne6 17. Rhd1 Bc5 18. h3 Kf8 19. Na4 Bxe3 20. Kxe3 Nd4 21.
Nb6 Rc6 22. c4 Nb3 23. Ra3 Nxa5 24. c5 Rxb6 25. cxb6 Nc4+ 26. Bxc4 Rxd1 27. Bd3
Rc1 28. Bxa6 Rc6 29. Bb5 Rxb6 30. Ra5 Ke7 31. b3 Nd7 32. Bc4 f6 33. Ra8 Nc5 34.
Rg8 Ne6 35. Bd5 Rb4 36. Rh8 Nc5 37. Rg8 Ne6 38. Kd3 g5 39. Kc3 Rb5 40. b4 Rb6
41. g3 Ra6 42. Kb2 b5 43. Rh8 Nd4 44. Rxh7+ Kd6 45. Rf7 Ra4 46. Rxf6+ Ke7 47.
Rf7+ Kd6 48. Rf6+ Ke7 1/2-1/2

[Event "Wch U18"]
[Site "Szeged"]
[Date "1994.??.??"]
[Round "7"]
[White "Kacheishvili, Giorgi"]
[Black "Svidler, Peter"]
[Result "0-1"]
[WhiteElo "2420"]
[BlackElo "2550"]
[Annotator "Svidler,P"]
[PlyCount "68"]
[EventDate "1994.??.??"]
[EventType "swiss"]
[EventRounds "9"]
[EventCountry "HUN"]
[SourceTitle "CBM 042"]
[Source "ChessBase"]
[SourceDate "1994.10.01"]
[SourceVersion "1"]
[SourceVersionDate "1994.10.01"]
[SourceQuality "1"]

1. d4 Nf6 2. c4 g6 3. Nc3 d5 4. cxd5 Nxd5 5. Bd2 Bg7 6. e4 Nb6 7. Be3 O-O 8.
Be2 Nc6 9. d5 (9. Nf3 Bg4 10. d5 Bxf3 11. gxf3 Ne5 $13) 9... Ne5 10. Bd4 c5 $1
$8 11. Bxc5 Nec4 (11... Nbc4 12. Qb3 b6 13. Bd4 $16) 12. Bxc4 (12. Bxb6 Qxb6
13. Bxc4 Qxb2 $17) (12. Qb3 Nxb2 13. Rc1 (13. Qxb2 Na4 $19) 13... Bxc3+ 14.
Qxc3 N2a4 $15) 12... Nxc4 13. Qb3 (13. Qe2 Nxb2 {- 13.Qb3}) 13... Nxb2 $1 14.
Qxb2 Qc7 15. Bb4 (15. Qa3 b6 16. Bb4 a5 17. Rc1 axb4 $1 $17) 15... a5 16. Nge2
axb4 17. Qxb4 Bg4 18. f3 Bd7 19. O-O b5 $44 20. Kh1 $2 (20. Qxe7 Rfe8 21. Qb4
Bf8 22. d6 $8 (22. Qb3 b4 23. Nd1 Ra3 24. Qb1 Bb5 $19) 22... Bxd6 23. Qb3 Bxh2+
24. Kh1 Be5 $15) (20. Rab1 $1 Rfc8 21. Nxb5 Bxb5 22. Qxb5 Rxa2 $44) 20... Qd6
$1 $15 21. Qxd6 (21. Rab1 Qxb4 22. Rxb4 Rfc8 23. Nxb5 Bxb5 24. Rxb5 Rxa2 25.
Ng1 Bh6 $1 26. f4 Rcc2 $15) 21... exd6 22. Rab1 Rfb8 23. Rb4 Ra3 24. Rc1 (24.
Rb3 b4 25. Rxa3 (25. Rfb1 Rxb3 26. Rxb3 Rc8 $17) 25... bxa3 26. Rb1 Rb2 $19)
24... Rc8 25. Rb3 $8 (25. Nxb5 Rxc1+ 26. Nxc1 Re3 $1 $19) 25... Rxb3 26. axb3
Ra8 $1 $17 27. Rb1 $2 (27. Rc2 $1 $15) 27... Ra3 $1 $17 (27... b4 28. Na4 Bxa4
29. bxa4 Rxa4 30. Nc1 $17) 28. Nd1 (28. e5 $5 Bxe5 29. Ne4 Bf5 30. N2g3 Bxg3
31. hxg3 Bxe4 32. fxe4 Kg7 $17) 28... Ra2 29. Nf4 b4 $1 30. Nd3 (30. Ne3 Bb5
31. g3 Bd4 32. Nc4 Bxc4 33. bxc4 Ra1 $1 $19) 30... Re2 $1 31. g3 (31. N1b2 Rd2
$1 32. Rd1 Rxb2 $19) 31... Bb5 32. Nxb4 Re1+ 33. Kg2 Bd4 34. Nc2 (34. Kh3 Bf1+
(34... h5 $19) 35. Kg4 h5+ 36. Kg5 Kg7 37. Nc2 Bf6+ 38. Kf4 g5+ 39. Kf5 Bh3+
40. g4 Bxg4+ 41. fxg4 Rf1+ 42. Nf2 Rxf2#) (34. Nc3 Bxc3 $19) 34... Re2+ 0-1

[Event "Wch U18"]
[Site "Szeged"]
[Date "1994.??.??"]
[Round "8"]
[White "Svidler, Peter"]
[Black "Yemelin, Vasily"]
[Result "1/2-1/2"]
[WhiteElo "2505"]
[BlackElo "2475"]
[PlyCount "83"]
[EventDate "1994.??.??"]
[EventType "swiss"]
[EventRounds "9"]
[EventCountry "HUN"]
[SourceTitle "TD"]
[Source "ChessBase"]
[SourceDate "1994.03.01"]
[SourceVersion "1"]
[SourceVersionDate "1994.03.01"]
[SourceQuality "1"]

1. e4 e5 2. Nf3 Nf6 3. Nc3 Nc6 4. Bb5 Nd4 5. Ba4 Nxf3+ 6. Qxf3 c6 7. O-O d6 8.
d3 Bg4 9. Qg3 Be6 10. Be3 Nh5 11. Qf3 Qh4 12. g3 Qh3 13. b4 Nf6 14. b5 c5 15.
b6+ Kd8 16. Bg5 Be7 17. Bxf6 Bxf6 18. bxa7 Rxa7 19. Rfb1 h5 20. Qg2 Qxg2+ 21.
Kxg2 Bg5 22. Bb3 Bd2 23. Nb5 Ra6 24. Bxe6 fxe6 25. Rb3 Kd7 26. Na3 Bb4 27. Nc4
b5 28. Ne3 Ra3 29. c4 Rha8 30. Rxa3 Bxa3 31. cxb5 Bb2 32. Rb1 Bd4 33. Nc4 Rxa2
34. b6 Rxf2+ 35. Kh3 Kc8 36. Nxd6+ Kb8 37. b7 g5 38. Nc4 Ra2 39. Rb6 Bg1 40.
Rb2 Rxb2 41. Nxb2 Kxb7 42. g4 1/2-1/2

[Event "Linares Anibal op 01st"]
[Site "Linares"]
[Date "1994.??.??"]
[Round "5"]
[White "Gonzalez Garcia, Jose"]
[Black "Svidler, Peter"]
[Result "0-1"]
[WhiteElo "2445"]
[BlackElo "2505"]
[Annotator "Svidler,P"]
[PlyCount "50"]
[EventDate "1994.01.??"]
[EventType "swiss"]
[EventRounds "9"]
[EventCountry "ESP"]
[SourceTitle "CBM 039"]
[Source "ChessBase"]
[SourceDate "1994.04.01"]
[SourceVersion "1"]
[SourceVersionDate "1994.04.01"]
[SourceQuality "1"]

1. d4 Nf6 2. c4 g6 3. Nc3 d5 4. cxd5 Nxd5 5. e4 Nxc3 6. bxc3 Bg7 7. Bb5+ c6 8.
Ba4 b5 9. Bb3 b4 10. e5 bxc3 11. Qf3 O-O 12. Qxc3 Ba6 (12... Nd7) 13. f4 (13.
Ne2 $5 Nd7 14. Qxc6 Qa5+ $2 15. Bd2 Nxe5 16. Qe4 $1 $18 (16. dxe5 Qxe5 17. Qxa6
Qxa1+ 18. Bc1 (18. Nc1 Bc3 $1 $13) 18... Bc3+ 19. Nxc3 Qxc3+ 20. Bd2 Qa1+ 21.
Bd1 Rad8 $13)) (13. h4 c5 $1 14. Qxc5 Nd7 15. Qa3 Nxe5 $1 16. Qxa6 (16. dxe5
Qd3 $19) 16... Qxd4 $40 {/\ Qa1, Nd3}) 13... Nd7 (13... Qc7 14. Nf3 Nd7 15. h4
$1 $16) 14. Nf3 (14. Qxc6 Nb6 15. Nf3 Rc8 16. Qe4 Qc7 17. Kf2 Bb7 $44) 14...
Rc8 $5 15. e6 $6 (15. Be3 Nb6 16. Kf2 Nd5 17. Qc5 Qd7 $13 {/\ f6}) 15... fxe6 (
15... Nb6 $2 16. exf7+ Kh8 17. Ne5 {/\ Ng6} Qd6 18. Ba3 Qf6) 16. Ng5 Kh8 $8 17.
Nxe6 (17. Nxh7 Kxh7 18. Qh3+ Bh6 19. f5 Qa5+ 20. Kd1 Qxf5 21. Qxh6+ Kg8 22. Re1
Rf6 $17) 17... Qb6 $36 18. Nxg7 (18. Nxf8 Rxf8 (18... Bxd4 $2 19. Qd2 Ne5 $1 {
/\ Nd3} (19... Rxf8 20. Bb2 $16) 20. Nxg6+ $3 (20. fxe5 Rxf8 $19) 20... Nxg6 (
20... hxg6 21. fxe5 {/\ Qh6}) 21. Bb2 $18) 19. Be3 Nf6 {/\ Ne4} 20. O-O-O (20.
Qc5 $2 Qxc5 21. dxc5 Ng4 $19) 20... Nd5 21. Qd2 Rc8 $40 {/\ c5}) 18... Kxg7 19.
Be6 (19. Be3 Nf6 $40) 19... Rcd8 20. Be3 $2 (20. Bxd7 Rxd7 21. Be3 Qb5 22. Kf2
$15) 20... Nf6 $19 {/\ Ne4} 21. O-O-O Nd5 22. Qa3 (22. Bxd5 cxd5 23. Kd2 Rc8
24. Qa3 Qe6 $19 {/\ Qe4}) 22... Rb8 23. Bxd5 (23. Kd2 Qb2+ 24. Qxb2 Rxb2+ 25.
Kc1 Rfb8 26. Bxd5 cxd5 $19 {/\ Be2}) 23... Qb1+ 24. Kd2 Rb2+ 25. Ke1 (25. Kc3
Rc2#) 25... Re2+ 0-1

[Event "St Petersburg op"]
[Site "St Petersburg"]
[Date "1994.??.??"]
[Round "1"]
[White "Svidler, Peter"]
[Black "Terekhin, Anatoly"]
[Result "1/2-1/2"]
[WhiteElo "2505"]
[BlackElo "2350"]
[PlyCount "74"]
[EventDate "1994.02.??"]
[EventType "swiss"]
[EventRounds "9"]
[EventCountry "RUS"]
[SourceTitle "CBM 041"]
[Source "ChessBase"]
[SourceDate "1994.08.01"]
[SourceVersion "1"]
[SourceVersionDate "1994.08.01"]
[SourceQuality "1"]

1. e4 d5 2. exd5 Nf6 3. Bb5+ Bd7 4. Be2 Nxd5 5. d4 Bf5 6. Nf3 e6 7. O-O Be7 8.
a3 O-O 9. c4 Nb6 10. Nc3 Nc6 11. Be3 Bf6 12. b3 Qe7 13. c5 Nd5 14. Nxd5 exd5
15. b4 a6 16. Re1 Rfe8 17. Qd2 Be4 18. h3 h6 19. a4 a5 20. b5 Nb4 21. Rac1 Bxf3
22. Bxf3 Bg5 23. Bg4 Qf6 24. Bd7 Re4 25. Bxg5 Qxg5 26. Qxg5 Rxe1+ 27. Rxe1 hxg5
28. b6 cxb6 29. cxb6 Ra6 30. Re8+ Kh7 31. Re7 Rxb6 32. Rxf7 Rf6 33. Re7 Nc6 34.
Bxc6 bxc6 35. Re3 Rf7 36. Rc3 Rf4 37. Rd3 Rf7 1/2-1/2

[Event "St Petersburg op"]
[Site "St Petersburg"]
[Date "1994.??.??"]
[Round "5"]
[White "Svidler, Peter"]
[Black "Malaniuk, Vladimir P"]
[Result "0-1"]
[WhiteElo "2505"]
[BlackElo "2595"]
[PlyCount "34"]
[EventDate "1994.02.??"]
[EventType "swiss"]
[EventRounds "9"]
[EventCountry "RUS"]
[SourceTitle "CBM 041"]
[Source "ChessBase"]
[SourceDate "1994.08.01"]
[SourceVersion "1"]
[SourceVersionDate "1994.08.01"]
[SourceQuality "1"]

1. e4 e5 2. Nf3 Nc6 3. d4 exd4 4. Nxd4 Nf6 5. Nc3 Bb4 6. Nxc6 bxc6 7. Bd3 d5 8.
exd5 cxd5 9. O-O O-O 10. Bg5 c6 11. Na4 h6 12. Bh4 Re8 13. c4 Bd6 14. cxd5 cxd5
15. Nc3 Be5 16. Nxd5 Qxd5 17. Bxf6 Bb7 0-1

[Event "St Petersburg op"]
[Site "St Petersburg"]
[Date "1994.??.??"]
[Round "9"]
[White "Svidler, Peter"]
[Black "Aseev, Konstantin N"]
[Result "1-0"]
[WhiteElo "2505"]
[BlackElo "2545"]
[PlyCount "115"]
[EventDate "1994.02.??"]
[EventType "swiss"]
[EventRounds "9"]
[EventCountry "RUS"]
[SourceTitle "CBM 041"]
[Source "ChessBase"]
[SourceDate "1994.08.01"]
[SourceVersion "1"]
[SourceVersionDate "1994.08.01"]
[SourceQuality "1"]

1. e4 c5 2. Nf3 d6 3. d4 cxd4 4. Qxd4 Nc6 5. Bb5 Bd7 6. Bxc6 Bxc6 7. c4 Nf6 8.
Nc3 e6 9. O-O Be7 10. b3 O-O 11. Rd1 Qa5 12. Bb2 Rfd8 13. Qe3 Bf8 14. Nd4 Be8
15. Rd3 Ng4 16. Qe2 Ne5 17. Rg3 Ng6 18. Kh1 a6 19. a4 Bd7 20. Qe3 Re8 21. f4
Rac8 22. Rf1 b5 23. cxb5 axb5 24. Ndxb5 Qb4 25. Na2 Qa5 26. Nbc3 Qa6 27. Qd3
Qa8 28. Re3 Bc6 29. Nc1 Rb8 30. Qd1 Qb7 31. Ba3 Red8 32. Re2 d5 33. Bxf8 d4 34.
Rd2 dxc3 35. Rxd8 Rxd8 36. Qxd8 Nxf8 37. Qd4 Bxe4 38. Kg1 Bxg2 39. Rf2 Bd5 40.
Qxc3 h6 41. b4 Nd7 42. Nd3 Qa7 43. Nc5 f5 44. Nxd7 Qxd7 45. a5 Ba8 46. Re2 Kh7
47. Kf2 Qd5 48. Ke1 Qh1+ 49. Kd2 Bf3 50. Rxe6 Qxh2+ 51. Kc1 Qxf4+ 52. Kb2 Be4
53. Ka3 h5 54. a6 h4 55. a7 Qg4 56. Rc6 Bxc6 57. Qxc6 Qg3+ 58. Ka4 1-0

[Event "RUS-ch"]
[Site "Elista"]
[Date "1994.??.??"]
[Round "1"]
[White "Ivanov, Mikhail M"]
[Black "Svidler, Peter"]
[Result "0-1"]
[WhiteElo "2475"]
[BlackElo "2550"]
[Annotator "Ribli,Z"]
[PlyCount "108"]
[EventDate "1994.09.??"]
[EventType "swiss"]
[EventRounds "11"]
[EventCountry "RUS"]
[SourceTitle "CBM 044"]
[Source "ChessBase"]
[SourceDate "1995.02.01"]
[SourceVersion "1"]
[SourceVersionDate "1995.02.01"]
[SourceQuality "1"]

1. Nf3 d6 2. d4 Bg4 3. e3 Nf6 4. Be2 Nbd7 5. h3 Bh5 6. c4 e5 7. Nc3 Be7 (7...
c6 8. O-O Be7 9. b4 O-O 10. a4 exd4 11. Nxd4 $1 $14 (11. exd4 d5 $13 {Hoffman,
A-Spangenberg,H/San Martin/1993/EXP37/})) 8. Nd2 $6 (8. O-O $5 O-O 9. b4 Re8
10. a4 exd4 11. Nxd4 $5 Bxe2 12. Qxe2 Bf8 13. Rd1 g6 14. Ba3 $14 {Ivanov,
I-Miles,A/New York op/1994/EXP40/}) 8... Bg6 (8... exd4 9. exd4 Bxe2 10. Qxe2
O-O 11. O-O Re8 12. Qd3 Bf8 13. Nf3 $10) 9. Bf3 c6 10. O-O O-O 11. d5 Qb6 12.
e4 Nc5 13. Na4 (13. Rb1 a5 14. b3 Rfc8 $13) 13... Nxa4 14. Qxa4 cxd5 15. cxd5
Rfc8 16. Nb3 (16. Nc4 $2 Qd4 $17) 16... Qc7 17. Be3 (17. Bg5 Nxd5 $17) 17...
Qc4 $1 18. Qxc4 Rxc4 19. Nd2 (19. Rfc1 Rac8 $1 (19... Rxc1+ 20. Rxc1 Bxe4 21.
Bxe4 Nxe4 22. Rc7 $44) 20. Na5 Rxc1+ 21. Rxc1 Rxc1+ 22. Bxc1 Bxe4 23. Bxe4 Nxe4
24. Nxb7 Nf6 25. Be3 (25. Na5 $5 Nxd5 26. Nc6 a6 27. Bd2 $15) 25... a6 26. Ba7
Nxd5 27. Bb8 Nb4 $17) 19... Rc2 20. Rab1 Rac8 21. Bd1 $6 (21. Rfe1 $5) 21...
Nxd5 $1 22. Bxc2 (22. exd5 Rxd2 23. Bxd2 Bxb1 24. Bg4 Rc2 $17) 22... Nxe3 23.
fxe3 Rxc2 $44 24. Nf3 (24. Rf2 Bh4 25. Re2 Bxe4 $19) 24... Bxe4 25. Rfc1 Rc6 $1
26. Rxc6 Bxc6 27. Kf2 f6 28. g4 Kf7 29. Rc1 Ke6 30. Ke2 Bd8 31. Rd1 g6 32. b3
Bb5+ 33. Kf2 Bb6 34. Re1 f5 $1 35. gxf5+ gxf5 36. Kg2 (36. Ng5+ Ke7 37. Nxh7 f4
$19) 36... Bc6 $19 37. a4 a5 38. h4 Kf6 39. Re2 Ke6 40. Re1 h6 41. Re2 Bc5 42.
Re1 Bd5 43. h5 Bxb3 44. Nd4+ Bxd4 45. exd4 Bxa4 46. dxe5 dxe5 47. Kf2 Be8 48.
Rc1 a4 49. Rc8 Bxh5 50. Rb8 f4 51. Rxb7 Kf5 52. Rh7 e4 53. Rxh6 e3+ 54. Ke1 Bg4
0-1

[Event "RUS-ch"]
[Site "Elista"]
[Date "1994.??.??"]
[Round "2"]
[White "Svidler, Peter"]
[Black "Pushkov, Nikolai"]
[Result "1/2-1/2"]
[WhiteElo "2550"]
[BlackElo "2485"]
[PlyCount "23"]
[EventDate "1994.09.??"]
[EventType "swiss"]
[EventRounds "11"]
[EventCountry "RUS"]
[SourceTitle "CBM 044"]
[Source "ChessBase"]
[SourceDate "1995.02.01"]
[SourceVersion "1"]
[SourceVersionDate "1995.02.01"]
[SourceQuality "1"]

1. e4 e6 2. d4 d5 3. Nd2 dxe4 4. Nxe4 Nd7 5. Nf3 Ngf6 6. Bg5 Be7 7. Nxf6+ Bxf6
8. Qd2 Bxg5 9. Nxg5 Nf6 10. O-O-O O-O 11. Be2 b6 12. Bf3 1/2-1/2

[Event "RUS-ch"]
[Site "Elista"]
[Date "1994.??.??"]
[Round "6"]
[White "Svidler, Peter"]
[Black "Burmakin, Vladimir"]
[Result "1-0"]
[WhiteElo "2550"]
[BlackElo "2555"]
[Annotator "Svidler,P"]
[PlyCount "75"]
[EventDate "1994.09.??"]
[EventType "swiss"]
[EventRounds "11"]
[EventCountry "RUS"]
[SourceTitle "CBM 044"]
[Source "ChessBase"]
[SourceDate "1995.02.01"]
[SourceVersion "1"]
[SourceVersionDate "1995.02.01"]
[SourceQuality "1"]

1. e4 {Blatny,P} c6 2. d4 d5 3. Nd2 dxe4 4. Nxe4 Nd7 5. Ng5 Ngf6 6. Bd3 e6 7.
N1f3 Bd6 8. Qe2 h6 9. Ne4 Nxe4 10. Qxe4 Nf6 11. Qh4 Bd7 (11... Qc7 12. Bd2 Bd7
13. O-O-O O-O-O 14. Ne5 Bxe5 (14... g5 15. Qh3 Bxe5 16. dxe5 Qxe5 17. Bc3 Qf4+
18. Qe3 $16) 15. dxe5 Qxe5 16. Qa4 Qb8 (16... Kb8 $4 17. Bf4 $18) 17. Rhe1 (17.
Be3 $44 {Blatny}) 17... Nd5 (17... e5 18. Bc3 Rhe8 19. Bc4 $40) 18. c4 Nf4 19.
Be4 $44) (11... Ke7 $5 {Kamsky,G-Karpov,A/ Dortmund/1993/0:1/(49)}) 12. Bf4 Qc7
(12... Qa5+ 13. c3 $14) (12... Qe7 $14) (12... Bxf4 {Blatny} 13. Qxf4 Nd5 $14)
(12... Qe7 $142 {Blatny /^b8-h2}) 13. Be5 $1 $16 Qa5+ 14. c3 g5 $6 (14... Be7
15. Qg3 O-O 16. O-O $16) 15. Nxg5 $1 Bxe5 16. Nf3 (16. dxe5 $2 {Blatny} Qxe5+
17. Ne4 Nxe4 18. Bxe4 $4 (18. Qxe4 $10) 18... f5 19. Qh5+ Kf8 20. f3 Be8 $19)
16... Bxd4 $8 17. Qxd4 Ke7 18. O-O-O Rad8 19. Rhe1 Bc8 (19... Be8 20. Qh4 $40)
20. Qh4 Rhg8 (20... Qxa2 21. Nd4 $18) (20... Qh5 21. Qb4+ c5 22. Qa5 $16) 21.
Re5 Rd5 (21... Qxa2 $2 22. Qb4+ $1 Ke8 23. Ra5 Nd5 24. Rxa2 $16) (21... Qb6 22.
Nd4 $16) 22. Rxd5 Qxd5 (22... cxd5 23. Nd4 Rg4 (23... Rxg2 24. Re1 $16) 24.
Qxh6 Qxa2 25. Re1 Qa1+ 26. Bb1 Ne8 27. Qh3 Rg8 28. f4 $16) 23. Qb4+ $1 (23. Bh7
$6 Rg4 $13) 23... c5 24. Qf4 {/\ 25.Bb5+-} Qc6 $8 (24... Rd8 25. Bc2 $1 $18)
25. Be4 $1 (25. Bb5 Qb6 $14 {/\ Rd8}) 25... Qb6 (25... Qxe4 26. Qd6+ Ke8 27.
Qd8#) (25... Nxe4 26. Ne5 Qe8 27. Qxe4 $18) 26. Ne5 {/\ 27.Nc6} Rd8 $8 27. Rxd8
Qxd8 28. Qxh6 $1 $18 Nxe4 $8 29. Qh4+ Nf6 (29... f6 $2 30. Qh7+ $1 Kd6 $8 31.
Nf7+ $18) (29... Ke8 30. Qxe4 Qg5+ 31. Kc2 $18) 30. Ng4 Kd6 (30... Qd3 31.
Qxf6+ Ke8 32. Qxf7+ (32. Qh8+ Ke7 33. Qxc8 Qf1+ 34. Kd2 $18) 32... Kxf7 33.
Ne5+ $18) 31. Nxf6 Kc6 32. Qe4+ Kb6 33. Qe5 $1 Qd3 34. Ne4 Qd5 $8 35. Qd6+ $1
Qxd6 (35... Kb5 36. Qxd5 exd5 37. Nd6+ $18) 36. Nxd6 Bd7 37. h4 Kc6 38. h5 1-0